| 000 | 01242cam a2200277Ma 4500 | ||
|---|---|---|---|
| 001 | baillieresmidwif00adam | ||
| 003 | CaSfIA | ||
| 005 | 20210117190813.0 | ||
| 007 | cr|||| | ||
| 008 | 880328s1985 xxk 000 0 eng d | ||
| 040 |
_aSZT _cSZT _dOCLCG _dCaSfIA |
||
| 020 | _a0702010766 | ||
| 020 | _a9780702010767 | ||
| 035 | _a(OCoLC)85949653 | ||
| 100 | 1 |
_aAdams, Margaret, _d1916- |
|
| 245 | 1 | 0 |
_aBailliere's midwife dictionary. _h[electronic resource] |
| 250 | _a7th ed. | ||
| 260 |
_aEastbourne : _bBailliere Tindall and ELBS, _c1985. |
||
| 300 | _aP. | ||
| 856 | 4 | 1 |
_uhttp://www.archive.org/details/baillieresmidwif00adam _zFree eBook from the Internet Archive |
| 856 | 4 | 2 |
_uhttp://www.openlibrary.org/books/OL24584262M _zAdditional information and access via Open Library |
| 999 |
_c471469 _d471469 |
||
| 942 | _cEB | ||
| 506 | _fНеобхідна авторизація на https://archive.org/ (створення облікового запису безкоштовно) | ||
| 506 | _fНеобхідна авторизація на https://openlibrary.org/ (створення облікового запису безкоштовно) | ||